Cinco etapas de mi pensamiento sobre el desarrollo (Registro nro. 24527)

Detalles MARC
000 -LEADER
fixed length control field 00342 a2200109 4500
001 - CONTROL NUMBER
control field ART_9266
005 - DATE AND TIME OF LATEST TRANSACTION
control field 20260410161846.0
008 - FIXED-LENGTH DATA ELEMENTS--GENERAL INFORMATION
fixed length control field 260409a
100 1# - MAIN ENTRY--PERSONAL NAME
Personal name Prebisch, Raúl
245 10 - TITLE STATEMENT
Title Cinco etapas de mi pensamiento sobre el desarrollo
773 0# - HOST ITEM ENTRY
Title El trimestre económico
Related parts - Vol. L, Nº 198 (abr./jun. 1983)
Record control number REV6933

No hay ítems disponibles.